The open society and its enemies
Saved in:
| Hovedforfatter: | |
|---|---|
| Format: | Bog |
| Sprog: | engelsk |
| Udgivet: |
Londres
Routledge & Kegan Paul
1966
|
| Udgivelse: | 5a. ed |
| Fag: | |
| Tags: |
Tilføj Tag
Ingen Tags, Vær først til at tagge denne postø!
|
MARC
| LEADER | 00000nam a2200000 a 4500 | ||
|---|---|---|---|
| 001 | UCR6112 | ||
| 003 | CL-VaPUC | ||
| 005 | 20241212091158.0 | ||
| 008 | 980420e19660000UK |||||||||||||||||eng|d | ||
| 999 | |c 268418 |d 268416 | ||
| 040 | |c Pontificia Universidad Católica de Valparaíso | ||
| 082 | 0 | 4 | |a 301 |b POP |2 21 |
| 100 | |a Pooper, Karl R. |e author |9 311826 | ||
| 245 | 1 | 4 | |a The open society and its enemies |
| 250 | |a 5a. ed | ||
| 260 | |a Londres |b Routledge & Kegan Paul |c 1966 | ||
| 300 | |a v | ||
| 500 | |a v.2:The high tide of prophecy: Hegel, Marx and the aftermath | ||
| 583 | |a last modification |c 19980420 00:00:00 |k Rodrigo Vera | ||
| 600 | 0 | |a Hegel, Georg Wilhelm Friedrich |d 1770-1831 |9 860268 | |
| 600 | 0 | |a Marx, Karl Heinrich, |d 1818-1883 |9 861123 | |
| 650 | 0 | |a Filosofía moderna |9 258121 | |
| 650 | 0 | |a Totalitarismo |9 255261 | |
| 650 | 0 | |a Sociedad contemporánea |9 337179 | |
| 650 | 0 | |a Sociología |9 255410 | |
| 650 | 7 | |a MARXISMO |2 CL-VaPUC |9 407276 | |
| 942 | |c BK |2 ddc | ||
| 945 | |d 19980420 00:00:00 |a rbrito | ||
| 952 | |0 0 |1 0 |4 0 |6 301_000000000000000_POP_1966 |7 0 |8 P |9 301563 |a BIBGIM |b BIBGIM |d 2019-11-20 |h v.2 |i 337419K |o 301 POP 1966 |p 337419K |r 2025-01-15 |w 2019-11-20 |y BK |k GIM | ||